Normal view
MARC view
- Slotine, J.-J. E.
Entry Personal Name
001 - CONTROL NUMBER
- control field: 1685
003 - CONTROL NUMBER IDENTIFIER
- control field: NUST
005 - DATE AND TIME OF LATEST TRANSACTION
- control field: 20170531110800.0
008 - FIXED-LENGTH DATA ELEMENTS
- fixed length control field: 170531|| aca||aabn | a|a d
040 ## - CATALOGING SOURCE
- Original cataloging agency: NUST
- Transcribing agency: NUST
100 ## - HEADING--PERSONAL NAME
- Personal name: Slotine, J.-J. E.
670 ## - SOURCE DATA FOUND
- Source citation: Work cat.: (NUST)23310: Slotine, J.-J. E., Applied nonlinear control , c1991.
